00496 a2200169 450000100060000002000270000604000240003310000150005724000410007224500360011330000090014936200090015865000310016794200070019895201040020599900170030947194 a9788578481483 (broch.) cAnchieta - Aquarius aPrap, Lila10aVocê sabe tudo sobre insetos?lpor10aVocê sabe tudo sobre insetos? a39p.0 a2014 4aLiteratura infanto-juvenil cBK 00104070a87.1b87.1d2023-11-21l0o028.5 PRA VOCp5636/AQUr2023-11-21 15:14:00w2023-11-21yBK c47194d47194